Devenez un grand leader (Record no. 46391)
[ view plain ]
| 000 -LEADER | |
|---|---|
| fixed length control field | 00682nam a22002297a 4500 |
| 003 - CONTROL NUMBER IDENTIFIER | |
| control field | 0 |
| 005 - DATE AND TIME OF LATEST TRANSACTION | |
| control field | 20160609165116.0 |
| 008 - FIXED-LENGTH DATA ELEMENTS--GENERAL INFORMATION | |
| fixed length control field | 091019t xxu||||| |||| 00| 0 eng d |
| 020 ## - NUMERO INTERNATIONAL NORMALISE DES LIVRES | |
| International Standard Book Number | 2-7081-3228-8 |
| 040 ## - SOURCE DU CATALOGAGE | |
| Original cataloging agency | BUAC |
| Language of cataloging | FR |
| Transcribing agency | BAC |
| 041 ## - CODE DE LANGUE | |
| Language code of text/sound track or separate title | FR |
| 082 ## - DEWEY DECIMAL CLASSIFICATION NUMBER | |
| Classification number | 303.4 SAM |
| 100 ## - VEDETTE PRINCIPALE - NOM DE PERSONNE | |
| Personal name | Sample, Steven |
| 9 (RLIN) | 1455 |
| 245 ## - TITLE STATEMENT | |
| Title | Devenez un grand leader |
| Statement of responsibility, etc | /Steven Sample |
| 260 ## - PUBLICATION, DISTRIBUTION, ETC. (IMPRINT) | |
| Place of publication, distribution, etc | Paris |
| Name of publisher, distributor, etc | Nouveaux Horizons;Edition d'Organisation |
| Date of publication, distribution, etc | 2005 |
| 300 ## - PHYSICAL DESCRIPTION | |
| Extent | 239p. |
| Other physical details | Couv. en coul. |
| Dimensions | 23 cm |
| 650 ## - SUBJECT ADDED ENTRY--TOPICAL TERM | |
| Topical term or geographic name as entry element | L'art de l'écoute |
| 9 (RLIN) | 1456 |
| 650 ## - SUBJECT ADDED ENTRY--TOPICAL TERM | |
| Topical term or geographic name as entry element | Pensée nuancée et affranchie |
| 9 (RLIN) | 1457 |
| 700 ## - ADDED ENTRY--PERSONAL NAME | |
| Personal name | Bennis, Warren |
| 9 (RLIN) | 1458 |
| 700 ## - ADDED ENTRY--PERSONAL NAME | |
| Personal name | Trad. de l'américain par Sabine Rolland |
| 9 (RLIN) | 1459 |
| 942 ## - ADDED ENTRY ELEMENTS (KOHA) | |
| Koha item type | Livre |
| Withdrawn status | Lost status | Damaged status | Not for loan | Location (home branch) | Sublocation or collection (holding branch) | Date acquired | Source of acquisition | Koha issues (times borrowed) | Koha full call number | Piece designation (barcode) | Koha date last seen | Copy number | Price effective from | Koha item type |
|---|---|---|---|---|---|---|---|---|---|---|---|---|---|---|
| Bibliothèque American Corner de l'UAC | Bibliothèque American Corner de l'UAC | 19/10/2009 | Don CCA | 303.4 SAM | 0067BAC | 19/10/2009 | 1 | 19/10/2009 | Livre | |||||
| Bibliothèque American Corner de l'UAC | Bibliothèque American Corner de l'UAC | 19/10/2009 | Don CCA | 303.4 SAM | 0068BAC | 19/10/2009 | 2 | 19/10/2009 | Livre | |||||
| Bibliothèque American Corner de l'UAC | Bibliothèque American Corner de l'UAC | 19/10/2009 | Don CCA | 303.4 SAM | 0066BAC | 19/10/2009 | 3 | 19/10/2009 | Livre |